| 000 | 009810000a22002530004500 | ||
|---|---|---|---|
| 001 | 51084 | ||
| 010 | _a989-20-0406-X | ||
| 021 |
_aPT _b251469/06 |
||
| 100 | _a20120504d2006 e||y0pory5003 ba | ||
| 101 | 0 | _apor | |
| 102 | _aPT | ||
| 200 | 1 |
_aTchuba na desert _eantologia do conto inédito caboverdiano _forg. por Francisco Fontes _gil. de Tchalê Figueira |
|
| 210 |
_aCoimbra _cSaúde em Português-Associação de Profissionais de Cuidados de Saúde Primários dos Países de Língua Portuguesa _d2006 |
||
| 215 |
_a236 p. _cil. _d21 cm |
||
| 606 |
_92070 _aLiteratura - conto -Antologia |
||
| 675 |
_a821.134.3(665.8)-34 _vBN _zpor |
||
| 675 |
_a821.134.3(665.8)-82 _vBN _zpor |
||
| 702 | 1 |
_920357 _4340 _aFontes _bFrancisco |
|
| 702 |
_919820 _4730 _aFigueira _bTchalê |
||
| 801 |
_aPT _c20120504 |
||
| 090 | _a51084 | ||
| 942 |
_cMON _n0 |
||
| 999 | _a51084 | ||